Nâng cao năng lực tự học cho sinh viên học tiếng Anh tại Trường Đại học Thủ Dầu Một /

Gespeichert in:
Bibliographische Detailangaben
1. Verfasser: Thái Bửu Tuệ.
Weitere Verfasser: Lê Hoàng Kim.
Format: Artikel
Sprache:Vietnamese
Schlagworte:
Tags: Tag hinzufügen
Keine Tags, Fügen Sie den ersten Tag hinzu!
Thư viện lưu trữ: Thư viện Trường Đại học Đà Lạt
LEADER 00861nam a2200277 4500
001 DLU190189577
005 ##20190220
040 # # |a DLU  |b vie 
041 # # |a vie 
044 # # |a vn 
100 # # |a Thái Bửu Tuệ. 
245 # # |a Nâng cao năng lực tự học cho sinh viên học tiếng Anh tại Trường Đại học Thủ Dầu Một /  |c Thái Bửu Tuệ, Lê Hoàng Kim. 
653 # # |a Hướng dẫn 
653 # # |a Năng lực tự học 
653 # # |a Tiếng Anh 
700 # # |a Lê Hoàng Kim. 
773 # # |t Ngôn ngữ & đời sống  |g Số 5(259), 2017, tr. 26-29 
920 # # |a Phòng Tạp chí -- Trung tâm Thông tin - Thư viện Trường Đại học Đà Lạt 
994 # # |a DLU 
900 # # |a True 
911 # # |a Hoàng Thị Huyền 
925 # # |a G 
926 # # |a A 
927 # # |a BB 
980 # # |a Thư viện Trường Đại học Đà Lạt